000 01191nam0a2200325 4500
001 RU\NLR\bibl\372698
005 20250621164044.0
010 _a5-93979-024-0
_91500
021 _aRU
_b2003-68243
_93368
035 _a(NLR Aleph) 000367208
090 _a372873
_c372873
100 _a20030303d2003 |||y0rusy50 ca
101 0 _arus
102 _aRU
105 _aa |||||||||
200 1 _aКомпьютерная томография органов грудной полости
_fТюрин И.Е.
_g[Федер. прогр. книгоизд. России]
210 _aСПб.
_cЭлби
_d2003
215 _a371 с.
_cил.
_d30
300 _aНа обороте тит. л. авт.: Тюрин И.Е., д.м.н., проф.
320 _aБиблиогр. в конце гл.
606 0 _aГрудная полость
_xКомпьютерная томография
_9934028
_3RU\NLR\auth\66344394
686 _aР364.155
686 _aР364.191.3
700 1 _aТюрин
_bИ. Е.
_gИгорь Евгеньевич
_4070
801 0 _aRU
_bNLR
_c20030303
_gPSBO
801 1 _aRU
_bNLR
_c20030303
830 _aАвт. по кн.
942 _cBOOK
980 _aNB